Score 0/21 Timer 01:00
0 Plays Today
% Correct
Portuguese
91%
Russian
87.5%
Ukrainian
85.7%
Bulgarian
82.6%
Serbian
81.4%
Latvian
79.1%
Persian
61.7%
Vietnamese
61.3%
Urdu
60%
Hindi
57%
Swahili
55.1%
% Correct
Nepali
52.7%
Indonesian
51%
Mongolian
51%
Igbo
49.2%
Marathi
47.3%
Korean
45.3%
Pashto
43.8%
Amharic
38.7%
Marwari
37.1%
Tigrinya
34.4%
Remove Ads.
Support Sporcle.
Get the best of Sporcle when you Go Orange. This ad-free experience offers more features, more stats, and more fun while also helping to support Sporcle. Thank you for becoming a member.

You're not logged in!

Compare scores with friends on all Sporcle quizzes.
OR
Log In

Sporcle TV

Today on Sporcle TV


Watch our educational content, quiz creation guides, and fun videos on Sporcle TV.

Show Comments

Extras

Top Quizzes Today


Score Distribution

Paid Content

Your Account Isn't Verified!

In order to create a playlist on Sporcle, you need to verify the email address you used during registration. Go to your Sporcle Settings to finish the process.

Report this User

Report this user for behavior that violates our Community Guidelines.

Details: